Major Italian car brands - Statistics

General Stats
  • This quiz has been taken 41 times
  • The average score is 5 of 8
Answer Stats
Answer % Correct
Ferrari
94%
Fiat
85%
Lamborghini
82%
Alfa Romeo
76%
Maserati
65%
Pagani
59%
Lancia
41%
Abarath
12%
No matching quizzes found
Score Distribution
Percent of People with Each Score
Percentile by Number Answered
Your Score History
You have not taken this quiz